[Event "e2e4 High Wycombe Open"]
[Site "High Wycombe ENG"]
[Date "2012.03.17"]
[Round "2"]
[White "Hamitevici,V"]
[Black "Lee,Ka"]
[Result "1-0"]
[WhiteElo "2436"]
[BlackElo "2093"]

1.d4 d5 2.c4 c6 3.Nf3 Nf6 4.Qc2 e6 5.Nbd2 Nbd7 6.e3 Bd6 7.Bd3 O-O 8.O-O Re8
9.e4 dxe4 10.Nxe4 Nxe4 11.Bxe4 h6 12.Rd1 Qc7 13.c5 Be7 14.Qc3 Nf6 15.Bc2 Nd5
16.Qd3 f5 17.Ne5 Bxc5 18.Qg3 Bd6 19.Bxh6 Bxe5 20.dxe5 Kh7 21.Bg5 Rh8 22.Rac1 Qf7
23.Rd4 Kg8 24.Bd1 Bd7 25.Rcc4 b5 26.Rc1 Rf8 27.Qa3 Be8 28.Bf3 Qc7 29.Bxd5 Qxe5
30.Bxe6+ Qxe6 31.Qxa7 Bf7 32.b3 Re8 33.h4 Qg6 34.Rd3 f4 35.Qd7 Bd5 36.Rxd5 cxd5
37.Qxd5+ Qe6 38.Qxb5 f3 39.gxf3 Rf8 40.Qd3 Rh5 41.Kg2 Rf5 42.Qc4 Qxc4 43.Rxc4 Kf7
44.a4 Rh8 45.b4 Ra8 46.b5 Ra7 47.Be3 Rb7 48.Rc6 Ke7 49.Ra6 Kd7 50.Ra8 Kc7
51.b6+ Kc6 52.a5 Rbf7 53.a6 Rf8 54.b7 Kc7 55.Bc5  1-0

[Event "Nis Open 2012"]
[Site "Nis SRB"]
[Date "2012.03.17"]
[Round "8"]
[White "Tosic,M"]
[Black "Necevski,A"]
[Result "1-0"]
[WhiteElo "2416"]
[BlackElo "2289"]

1.d4 d5 2.c4 c6 3.Nf3 Nf6 4.Qc2 dxc4 5.Qxc4 g6 6.g3 Bg7 7.Bg2 O-O 8.O-O b5
9.Qb3 Be6 10.Qc2 Bf5 11.Qd1 Qc8 12.Re1 Rd8 13.a4 Ne4 14.Qb3 Be6 15.Qe3 Bd5
16.Nc3 Nxc3 17.bxc3 Qb7 18.Ba3 e6 19.Qg5 f6 20.Qh4 g5 21.Qh3 Qf7 22.e4 Bc4
23.Nd2 Nd7 24.axb5 cxb5 25.Nxc4 bxc4 26.Bf3 Nb6 27.Bg4 Re8 28.Bc5 Kh8 29.Bxb6 axb6
30.Bh5 Qb7 31.Bg6 Bf8 32.Bxe8 Rxe8 33.Qh5 Qe7 34.Ra6 Rb8 35.Rea1 Qb7 36.Qe2  1-0

[Event "ch-VIE Women 2012"]
[Site "Can Tho VIE"]
[Date "2012.03.19"]
[Round "1.11"]
[White "Tran Le Dan Thuy"]
[Black "Pham Thi Thu Hien"]
[Result "0-1"]
[WhiteElo "1836"]
[BlackElo "2116"]

1.Nf3 Nf6 2.c4 c6 3.d4 d5 4.Qb3 Qb6 5.Qa4 Bf5 6.Nc3 e6 7.c5 Qd8 8.b4 Ne4
9.Bb2 a6 10.e3 Nd7 11.Be2 Be7 12.O-O O-O 13.Rac1 Bf6 14.Nxe4 Bxe4 15.Nd2 Bg6
16.f4 Be7 17.Qb3 Re8 18.a4 Nf6 19.b5 axb5 20.axb5 Ne4 21.Nxe4 Bxe4 22.b6 h6
23.Ra1 Rxa1 24.Rxa1 Qb8 25.Ra7 f6 26.Qa4 Bf8 27.Ba6 bxa6 28.Qxc6 Bd3 29.Qc7 Qxc7
30.Rxc7 Rb8 31.Bc3 Bb5 32.Ba5 Kh7 33.b7 e5 34.Bb6 exd4 35.exd4 Bc6 36.Rxc6 Rxb7
37.Rc7 Rxc7 38.Bxc7 Kg6 39.Kf2 Kf5 40.Ke3 Ke6 41.Kd3 Kd7 42.Bb6 g6 43.Kc3 Bg7
44.Kb4 f5 45.Ka5 Kc6 46.Kb4 Bxd4 47.Ba7 a5+  0-1

[Event "ch-VIE Men 2012"]
[Site "Can Tho VIE"]
[Date "2012.03.19"]
[Round "1.3"]
[White "Nguyen Van Huy"]
[Black "Tran Ngoc Thach"]
[Result "1/2-1/2"]
[WhiteElo "2485"]
[BlackElo "2212"]

1.Nf3 d5 2.d4 Nf6 3.c4 c6 4.Qb3 e6 5.g3 Nbd7 6.Bg2 Bd6 7.O-O O-O 8.Nc3 b6
9.e4 dxe4 10.Ng5 Bb7 11.Ngxe4 Be7 12.Bf4 Nxe4 13.Nxe4 Nf6 14.Rad1 Nxe4 15.Bxe4 Bg5
16.Bxg5 Qxg5 17.Qa4 Rfc8 18.Rfe1 Qd8 19.Rd2 Qc7 20.Red1 Rd8 21.Qa3 Rd7 22.c5 b5
23.f4 a6 24.Qd3 g6 25.Qe3 Rad8 26.Bf3 Ba8 27.Kf2 Rc8 28.Qe5 Qd8 29.h4 Qf8
30.Ke3 Qg7 31.a4 Rcd8 32.axb5 axb5 33.Ra1 Qxe5+ 34.fxe5 Bb7 35.b4 Kf8 36.Ra7 Ke7
37.Rda2 Rc8 38.R2a5 h6 39.Kd3 f6 40.exf6+ Kxf6 41.d5 cxd5 42.Rxb5 Bc6 43.Rba5 Rxa7
44.Rxa7 Rb8 45.Rc7 Be8 46.Kc3 Ke5 47.Rh7 Ra8 48.Kb2 Kd4 49.Be2 Ke3 50.Bg4 e5
51.Rh8 Rb8 52.Rxe8 Rxe8 53.c6 Kd4 54.c7 Kc4 55.b5 Kc5 56.Bd7 Rf8 57.Kc3 Kb6
58.c8=Q Rxc8+ 59.Bxc8 Kxb5 60.Kd3 Kc5 61.Ke3 Kc4 62.Be6 Kc5 63.Bf7 g5 64.hxg5 hxg5
65.Kd3 Kd6 66.Bh5 Kc5 67.Ke3 Kc4 68.Be2+ Kc5 69.Ba6 Kb6 70.Be2 Kc5 71.Bf1 Kd6
72.Ba6 Kc5 73.Bf1 Kd6 74.Ba6 Kc5 75.Bf1 Kd6 76.Kf3 e4+ 77.Kg4 Ke5 78.Kxg5 d4
79.Bb5 d3 80.Ba6 Kd4 81.Kf4 e3 82.Kf3 e2 83.Kf2 Kc3 84.Bxd3 Kxd3 85.Ke1  1/2-1/2

[Event "ch-VIE Men 2012"]
[Site "Can Tho VIE"]
[Date "2012.03.19"]
[Round "2"]
[White "Bui Vinh"]
[Black "Vu,Phi Hung"]
[Result "1-0"]
[WhiteElo "2463"]
[BlackElo "2105"]

1.d4 d5 2.Nf3 Nf6 3.c4 c6 4.Qc2 g6 5.Bf4 Bg7 6.e3 Bf5 7.Qb3 Qb6 8.Nbd2 Nbd7
9.h3 h6 10.c5 Qxb3 11.Nxb3 g5 12.Bh2 b6 13.Ba6 O-O 14.Bb7 Rae8 15.Rc1 bxc5
16.Nxc5 Nxc5 17.Rxc5 Nd7 18.Rxc6 e5 19.O-O Rb8 20.Rc7 exd4 21.Nxd4 Bxd4 22.exd4 Nb6
23.b3 Rfe8 24.Ba6 Ra8 25.Rfc1 Re6 26.Be5 h5 27.R1c6 Rxc6 28.Rxc6 Nd7 29.Bd6 Nf8
30.Rc3 Ne6 31.Be5 Kh7 32.Rf3 Bg6 33.a4 g4 34.hxg4 hxg4 35.Rc3 Be4 36.a5 Kg6
37.Rc6 Kf5 38.Bc8 Bd3 39.b4 a6 40.Rc7 Kg6 41.Rc6 Bb5 42.Rc3 Kf5 43.f3 gxf3
44.Rxf3+ Ke4 45.Bxe6 fxe6 46.Kf2 Rg8 47.Rf6 Bd7 48.Rf7 Bb5 49.Rf4+ Kd3 50.g4 Kc3
51.Bd6 Bd3 52.Kg3 Be4 53.Bc5 Rg6 54.b5 axb5 55.Rf8 e5 56.dxe5 d4 57.Kf4 Bd5
58.Rd8 Kc4 59.Bd6 Bc6 60.g5 d3 61.Be7 Bd5 62.Ke3 Ra6 63.Rc8+ Kb3 64.Kxd3 Rxa5
65.g6 Ra4 66.g7 Rg4 67.Bf6 b4 68.Rc5 Bf7 69.Rc6 Bd5 70.Rd6 Bc4+ 71.Ke3 Rg1
72.Kd4 Rd1+ 73.Kc5 Rc1 74.Rd8 Rg1 75.Rb8 Be6 76.Rxb4+  1-0

[Event "13th EICC"]
[Site "Plovdiv BUL"]
[Date "2012.03.20"]
[Round "1.112"]
[White "Banusz,T"]
[Black "Nikolova,A"]
[Result "1-0"]
[WhiteElo "2583"]
[BlackElo "2293"]

1.Nf3 d5 2.d4 Nf6 3.c4 c6 4.Qb3 dxc4 5.Qxc4 Bf5 6.g3 Nbd7 7.Bg2 e6 8.O-O Be7
9.e3 O-O 10.Rd1 Qc7 11.Nc3 Nd5 12.Ne1 b5 13.Qe2 Nxc3 14.bxc3 Nb6 15.e4 Bg6
16.Bf4 Qb7 17.Rab1 Qa6 18.Nd3 Rac8 19.Ne5 Bf6 20.h4 Bxe5 21.Bxe5 f6 22.Bf4 Bf7
23.e5 f5 24.Rdc1 Kh8 25.Bf1 Rfd8 26.h5 Rd7 27.h6 gxh6 28.Bxh6 Bg6 29.Bg5 Kg8
30.Qd2 Qa4 31.Bd3 a6 32.Bc2 Qa5 33.Bb3 Kf7 34.Qe2 c5 35.dxc5 Rxc5 36.Be3 Rc8
37.Rd1 Rcd8 38.Rxd7+ Nxd7 39.Rd1 Nxe5 40.Bd4 Nc4 41.Rc1 Rd6 42.Bxc4 bxc4
43.Qxc4 Bh5 44.Qc8 Qd8 45.Qb7+ Qd7 46.Qh1 Kg6 47.Qh4 Qf7 48.Be3 f4 49.Bxf4 Rd5
50.Qh3 Rd1+ 51.Rxd1 Bxd1 52.Qh6+ Kf5 53.Qg5+ Ke4 54.Qe5+ Kf3 55.Qe3+ Kg4
56.Qd4 Bc2 57.Bc1+ Kf3 58.Qe3+ Kg4 59.Qe2+ Kh3 60.Qxc2 Qb7 61.f3 Qxf3 62.Qh2+ Kg4
63.Qh4+ Kf5 64.Qf4+ Qxf4 65.Bxf4 Ke4 66.Bh6 Kf3 67.c4 Ke4 68.c5 Kd5 69.Be3  1-0

[Event "ch-VIE Men 2012"]
[Site "Can Tho VIE"]
[Date "2012.03.21"]
[Round "5.4"]
[White "Tu Hoang Thong"]
[Black "Lu Chan Hung"]
[Result "1-0"]
[WhiteElo "2416"]
[BlackElo "2089"]

1.d4 d5 2.Nf3 Nf6 3.c4 c6 4.Nbd2 a6 5.g3 Bf5 6.Bg2 e6 7.Nh4 Bg6 8.Nxg6 hxg6
9.O-O Nbd7 10.e4 dxe4 11.Nxe4 Nxe4 12.Bxe4 Nf6 13.Bg2 Qc7 14.Qa4 O-O-O 15.Rd1 Rh5
16.b4 Qb6 17.c5 Qc7 18.Qb3 Nd5 19.a4 Be7 20.b5 Kd7 21.Rb1 axb5 22.axb5 Ra8
23.Bf3 Rhh8 24.Bxd5 exd5 25.Bf4 Qc8 26.bxc6+ bxc6 27.Re1 Re8 28.Qf3 Kd8 29.h4 Bf6
30.Bd6 Qf5 31.Qb3 Rxe1+ 32.Rxe1 Qc8 33.Kg2 Qa6 34.g4 Bxd4 35.Qf3 Ra7 36.Qf4 Qd3
37.Bf8 Rc7 38.Qd6+ Kc8 39.Re8+ Kb7 40.Qd8 Qc2 41.Qa8+  1-0

[Event "ch-VIE Men 2012"]
[Site "Can Tho VIE"]
[Date "2012.03.22"]
[Round "6"]
[White "Duong The Anh"]
[Black "Bui,Trong Hao"]
[Result "1/2-1/2"]
[WhiteElo "2373"]
[BlackElo "2167"]

1.d4 d5 2.c4 c6 3.Nf3 Nf6 4.Qb3 Qb6 5.Nc3 dxc4 6.Qxc4 Bf5 7.g3 e6 8.Bg2 Nbd7
9.O-O Qb4 10.Qxb4 Bxb4 11.Nh4 Bc2 12.Bd2 h6 13.Rfc1 Bh7 14.a3 Be7 15.b4 a6
16.Na4 O-O 17.Nf3 Rfd8 18.Nc5 Ra7 19.Ra2 Bd6 20.Bf4 Bxf4 21.gxf4 Ne4 22.e3 Nd6
23.Ne5 Nxe5 24.fxe5 Nb5 25.a4 Nc7 26.Rb2 Nd5 27.Bf1 Bg6 28.Be2 Rc8 29.Rb3 Rc7
30.a5 Re7 31.f4 f5 32.Kf2 Ra8 33.Rg1 Kh7 34.Bf3 Rd8 35.Ke2 Be8 36.Kd3 Rb8
37.h4 Kh8 38.Rb2 Kh7 39.Kd2 Rd8 40.Be2 Rb8 41.Rf1 Rd8 42.Bf3 Bg6 43.Rg1 Bf7
44.Rbb1 Rc7 45.Rg2 Bg8 46.Nd3 Re7 47.Rbg1 Kh8 48.Bd1 Nc7 49.Bb3 Nd5 50.Bc4 Kh7
51.Nc5 Rde8 52.Bxd5 cxd5 53.Kc3 Rc8 54.b5 axb5 55.Rb2 Bf7 56.Rxb5 Be8 57.Rb6 Bc6
58.Kd2 Rcc7 59.Rc1 Rc8 60.Rg1 Kg8 61.Rc1 Kf7 62.Ra1 Rec7 63.Rab1 Ra8 64.Nxb7 Bxb7
65.Rxb7 Rxb7 66.Rxb7+ Kg6 67.Rb5 Kh5 68.Kc3 Kxh4 69.Kb4 g5 70.fxg5 hxg5 71.Kc5 f4
72.exf4 gxf4 73.Kd6 Ra6+ 74.Rb6 f3 75.Rxa6 f2 76.Kxe6 f1=Q 77.Rd6 Qc4 78.Rxd5 Kg5
79.a6 Qxa6+ 80.Rd6 Qc8+  1/2-1/2

[Event "ch-VIE Men 2012"]
[Site "Can Tho VIE"]
[Date "2012.03.23"]
[Round "7"]
[White "Tu Hoang Thai"]
[Black "Vu,Phi Hung"]
[Result "1-0"]
[WhiteElo "2327"]
[BlackElo "2105"]

1.d4 d5 2.Nf3 Nf6 3.c4 c6 4.Qc2 dxc4 5.Qxc4 Bf5 6.g3 Nbd7 7.Bg2 g6 8.Ng5 e6
9.e4 Nb6 10.Qd3 Bb4+ 11.Nc3 h6 12.exf5 hxg5 13.fxg6 Rg8 14.gxf7+ Kxf7 15.h4 gxh4
16.Rxh4 Rh8 17.Bg5 Rxh4 18.Bxh4 Nbd5 19.Kf1 Bxc3 20.bxc3 Qa5 21.c4 Qa6 22.Kg1 Rg8
23.Bf1 Ne7 24.Bh3 Qa5 25.c5 Ned5 26.Kh2 Rh8 27.Qe2 Re8 28.Re1 Nc7 29.Qe5 Nh7
30.Re4  1-0

[Event "ch-VIE Men 2012"]
[Site "Can Tho VIE"]
[Date "2012.03.23"]
[Round "8"]
[White "Duong The Anh"]
[Black "Tran Quoc Dung"]
[Result "1-0"]
[WhiteElo "2373"]
[BlackElo "2296"]

1.d4 d5 2.c4 c6 3.Nf3 Nf6 4.Qb3 dxc4 5.Qxc4 Bf5 6.g3 e6 7.Bg2 Nbd7 8.O-O Be7
9.Nc3 O-O 10.Re1 Ne4 11.Qb3 Qb6 12.Nh4 Bxh4 13.gxh4 Nxc3 14.bxc3 Bg6 15.Bf4 Rfe8
16.Bg3 h6 17.e4 e5 18.Qa3 exd4 19.Rab1 Qd8 20.cxd4 Nf6 21.Qd3 Qd7 22.f3 Nh5
23.Red1 Rad8 24.Qb3 b6 25.Rbc1 Kh8 26.Qa4 b5 27.Qc2 Rc8 28.Qc5 f6 29.Rc3 a5
30.Qb6 a4 31.Rdc1 Nxg3 32.hxg3 Bf7 33.Rxc6 Rxc6 34.Rxc6 Bxa2 35.Rd6 Re6 36.Rxe6 Bxe6
37.d5 Bf7 38.Bf1 Be8 39.Qc5 Qb7 40.Qf8+ Kh7 41.Qxe8 a3 42.Bh3 a2 43.Bf5+ g6
44.Qxg6+ Kh8 45.Qxh6+  1-0

[Event "13th EICC"]
[Site "Plovdiv BUL"]
[Date "2012.03.23"]
[Round "4.77"]
[White "Socko,B"]
[Black "Gabuzyan,H"]
[Result "0-1"]
[WhiteElo "2647"]
[BlackElo "2441"]

1.d4 d5 2.c4 c6 3.Nf3 Nf6 4.Nbd2 Bf5 5.Nh4 Be4 6.f3 Bg6 7.Qb3 Qb6 8.Qxb6 axb6
9.Nxg6 hxg6 10.Kf2 e6 11.cxd5 cxd5 12.Nb3 Bd6 13.g3 Nc6 14.a3 Rc8 15.Bd2 e5
16.e3 g5 17.Be2 e4 18.f4 gxf4 19.exf4 g6 20.Rac1 Ke7 21.Kg2 Nh5 22.Rc2 Ng7
23.Rhc1 Ne6 24.Bb5 Na7 25.Rxc8 Nxc8 26.Be2 Na7 27.Be3 f5 28.h4 Kd7 29.Kf2 Be7
30.Ke1 Bf6 31.Rc2 Nc6 32.Bb5 Kd6 33.Rd2 Rc8 34.Kd1 Rc7 35.Be2 Ng7 36.Rc2 Nh5
37.Bf2 Re7 38.Bxh5 gxh5 39.Kd2 Re8 40.Ke3 Ra8 41.Be1 Ra4 42.Bc3 Kd7 43.Rd2 Be7
44.Rd1 Na7 45.Nd2 Nb5 46.Nb1 Rc4 47.Be1 Ke6 48.Nc3 Rxd4  0-1

[Event "ch-VIE Men 2012"]
[Site "Can Tho VIE"]
[Date "2012.03.24"]
[Round "9"]
[White "Tran Tuan Minh"]
[Black "Bui,Trong Hao"]
[Result "1-0"]
[WhiteElo "2249"]
[BlackElo "2167"]

1.d4 d5 2.c4 c6 3.Nf3 Nf6 4.Qc2 g6 5.Nc3 Bg7 6.Bf4 O-O 7.e3 e6 8.h3 Nbd7
9.Be2 b6 10.cxd5 exd5 11.O-O Bb7 12.b4 Qe7 13.Rab1 Rfd8 14.a4 Rac8 15.Rfc1 Ne8
16.Bd3 Nd6 17.Qe2 h6 18.Rc2 Nf8 19.h4 Ne6 20.Bxd6 Qxd6 21.h5 g5 22.a5 b5
23.Bf5 Rc7 24.Qd3 Re7 25.Ne2 Nc7 26.Ng3 Ree8 27.Qc3 Na6 28.Rcb2 Nb8 29.Rc1 Bf8
30.Ne5 Bg7 31.Ng4 Bf8 32.Bc2 Bc8 33.Qd3 Bg7 34.Qh7+ Kf8 35.Bf5 Bb7 36.Bd3 Bc8
37.Bf5 Bb7 38.Bd7 Qxd7 39.Nf5 f6 40.Ngxh6 Bxh6 41.Qxh6+ Kf7 42.Qg6+ Ke6 43.e4 dxe4
44.Rc5 Qc7 45.Re5+ Kd7 46.Qf7+ Kc8 47.Qxe8 Nd7 48.Re6 Qf4 49.Ne7+ Kc7 50.Nd5+  1-0

[Event "TCh-CAT 2012"]
[Site "Catalunya ESP"]
[Date "2012.03.24"]
[Round "9.5"]
[White "Aloma Vidal,R"]
[Black "Ubach Miralda,M"]
[Result "0-1"]
[WhiteElo "2431"]
[BlackElo "2272"]

1.d4 d5 2.c4 c6 3.Nf3 Nf6 4.Qb3 g6 5.Bf4 Bg7 6.e3 O-O 7.Nc3 Qa5 8.Be2 dxc4
9.Bxc4 b5 10.Bxf7+ Rxf7 11.Bxb8 Rxb8 12.Ne5 e6 13.Nxc6 Qb6 14.Nxb8 Qxb8 15.Qxb5 Qd6
16.Rc1 Bb7 17.f3 Bh6 18.Qe2 Ba6 19.Qd2 Ng4 20.Nd1 Nxh2 21.f4 Bxf4 22.exf4 Rxf4
23.Nf2 Rxd4 24.Qe3 Ng4 25.Nxg4 Rxg4 26.Rc2 Qd5 27.Qh6 Re4+ 28.Kf2 Qf5+ 29.Kg1 Re1+
30.Kh2 Rxh1+ 31.Kxh1 Qxc2 32.Qe3 Qd1+ 33.Kh2 Qd6+  0-1

[Event "13th EICC"]
[Site "Plovdiv BUL"]
[Date "2012.03.24"]
[Round "5.54"]
[White "Miron,L"]
[Black "Volkov,Sergey1"]
[Result "0-1"]
[WhiteElo "2518"]
[BlackElo "2623"]

1.d4 d5 2.c4 c6 3.Nf3 Nf6 4.Qb3 dxc4 5.Qxc4 Bf5 6.g3 e6 7.Bg2 Nbd7 8.O-O Be7
9.e3 O-O 10.Rd1 Qc7 11.Nc3 Rad8 12.Qe2 Ne4 13.Ne1 Nxc3 14.bxc3 e5 15.e4 Be6
16.Nf3 f6 17.Be3 Rfe8 18.Rab1 Nb6 19.dxe5 fxe5 20.Ng5 Rxd1+ 21.Rxd1 Bxg5
22.Bxg5 h6 23.Be3 Rd8 24.Rxd8+ Qxd8 25.f4 Nc4 26.Bh3 Bxh3 27.Qxc4+ Kh8 28.Qe2 Qa5
29.f5 Qxc3 30.Bxa7 Qc1+ 31.Kf2 Qh1 32.Ke3 Qg1+ 33.Qf2 Qc1+ 34.Kf3 Qd1+ 35.Ke3 Bg4
36.Bc5 Qb1 37.Qd2 Qf1 38.Qc2 Qe1+ 39.Kd3 Bf3 40.Be3 Qh1 41.Kc3 Bxe4 42.Qf2 Qb1
43.f6 Qd3+ 44.Kb4 Qb5+  0-1

[Event "13th EICC"]
[Site "Plovdiv BUL"]
[Date "2012.03.25"]
[Round "6.46"]
[White "Neverov,V"]
[Black "Khenkin,I"]
[Result "0-1"]
[WhiteElo "2544"]
[BlackElo "2632"]

1.d4 d5 2.c4 dxc4 3.Nf3 c6 4.e3 b5 5.a4 e6 6.b3 Bb4+ 7.Bd2 Bxd2+ 8.Nfxd2 cxb3
9.axb5 b2 10.Ra2 Ne7 11.Rxb2 O-O 12.Nc3 Bb7 13.Nde4 Nd7 14.Bd3 cxb5 15.Rxb5 Bc6
16.Rb3 Nd5 17.O-O a5 18.Nxd5 Bxd5 19.Ra3 Qh4 20.f3 Bxe4 21.Bxe4 Ra7 22.Bc6 Nb6
23.Qb3 Rb8 24.Rb1 Rc7 25.Be4 Rbc8 26.g3 Qh3 27.Raa1 Nc4 28.Rc1 g6 29.Rd1 Nd6
30.Bd3 Nf5 31.Bxf5 gxf5 32.Qd3 Rc3 33.Qe2 a4 34.Ra2 a3 35.Re1 Rb8 36.d5 exd5
37.Qd2 Rcb3 38.Qxd5 Rxe3 39.Rf1 h6 40.Qd6 Reb3 41.Rc2 a2  0-1

[Event "ch-VIE Men KO 2012"]
[Site "Can Tho VIE"]
[Date "2012.03.26"]
[Round "1.2"]
[White "Tu Hoang Thong"]
[Black "Nguyen Huynh Minh Huy"]
[Result "1/2-1/2"]
[WhiteElo "2416"]
[BlackElo "2460"]

1.d4 d5 2.Nf3 Nf6 3.c4 c6 4.Nbd2 Bf5 5.g3 e6 6.Bg2 h6 7.O-O Nbd7 8.b3 Be7
9.Bb2 O-O 10.e3 a5 11.Qe2 a4 12.c5 Ne4 13.Nxe4 Bxe4 14.b4 Qc7 15.Bh3 Bf6
16.a3 Rfe8 17.Nd2 Bg6 18.f4 b5 19.Rae1 Nf8 20.Nf3 Be4 21.Qd1 Nd7 22.Nd2 Bg6
23.Bg2 Nf8 24.Kh1 Rad8 25.Rf2 Nd7 26.Bc3 Nf8 27.Qe2 Nd7 28.Bh3 Nf8 29.Kg1 Nd7
30.Ra1 Nf8  1/2-1/2

[Event "ch-VIE Men KO 2012"]
[Site "Can Tho VIE"]
[Date "2012.03.26"]
[Round "1.1"]
[White "Hoang Van Ngoc"]
[Black "Pham Chuong"]
[Result "1/2-1/2"]
[WhiteElo "2201"]
[BlackElo "2398"]

1.d4 d5 2.Nf3 Nf6 3.c4 c6 4.g3 g6 5.Bg2 Bg7 6.O-O O-O 7.Qc2 Na6 8.c5 b6 9.cxb6 Qxb6
10.Nc3 Bf5 11.Qd1 Rac8 12.Nh4 Be6 13.h3 c5 14.Na4 Qb5 15.dxc5 Nxc5 16.Nxc5 Rxc5
17.Be3 Rc7 18.Bd4 Ne4 19.e3 Bxd4 20.Qxd4 Rc2 21.b3 Qa6 22.Nf3 Rfc8 23.a4 Re2
24.Qb4 Rb2 25.Nd4 Qd6 26.Qxd6 Nxd6 27.Rfc1 Rxc1+ 28.Rxc1 Nf5 29.Nxe6 fxe6
30.g4 Nd6 31.Rc7 Kf7 32.Rxa7 Rxb3 33.a5 Ra3 34.Bf1 e5 35.a6 g5 36.Rc7 Ra1
37.Kg2 Ke6 38.Bd3 Ra3 39.a7 h6 40.Be2 Ra2 41.Bd3 Ra3 42.Bf1 Ra2 43.Kg1 Ra1
44.Kg2 Ra2 45.Bd3 Ra3 46.Bc2 Nb5 47.Bf5+ Kf7 48.Rc5 Nxa7 49.Rxd5 Kf6 50.Rd8 Kg7
51.Re8 Nc6 52.Be4 Ra6 53.Bxc6 Rxc6 54.Rxe7+ Kf6 55.Rh7 Kg6 56.Rb7 Rc4 57.Kg3 Ra4
58.Rb6+ Kg7 59.Re6 e4 60.Rd6 Ra5 61.Rd4 Re5 62.f3 exf3 63.Kxf3 Re6 64.Rd5 Kg6
65.Rf5 Ra6 66.Ke4 Ra4+ 67.Ke5 Ra5+ 68.Ke6 Ra6+ 69.Kd7 Ra7+ 70.Kc6 Ra6+ 71.Kb5 Re6
72.Rf3 h5 73.gxh5+ Kxh5 74.Kc5 g4 75.hxg4+ Kxg4 76.Rf4+ Kg5 77.Kd4 Re8 78.Rf7 Kg6
79.Rf4 Kg5 80.Kd3 Ra8 81.Ke2 Ra2+ 82.Kf3 Ra1 83.Rb4 Kf5 84.Rb5+ Ke6 85.Kf4 Ra4+
86.e4 Ra6 87.Rb7 Ra5  1/2-1/2

[Event "13th EICC"]
[Site "Plovdiv BUL"]
[Date "2012.03.27"]
[Round "7.79"]
[White "Can,E"]
[Black "Nyback,T"]
[Result "0-1"]
[WhiteElo "2476"]
[BlackElo "2636"]

1.Nf3 d5 2.d4 Nf6 3.c4 c6 4.Nbd2 Bf5 5.Nh4 Be4 6.Qb3 Qb6 7.Nxe4 Nxe4 8.e3 Qa5+
9.Ke2 Nd7 10.Nf3 Rb8 11.Nd2 Nd6 12.f3 e5 13.dxe5 Nxe5 14.cxd5 cxd5 15.Kf2 Be7
16.Be2 O-O 17.Rd1 Bf6 18.Nb1 Nec4 19.Nc3 d4 20.exd4 Rbc8 21.Ne4 Qf5 22.Nxf6+ Qxf6
23.Qd3 Rfe8 24.b3 Nb6 25.Bd2 Nf5 26.Bf4 Nd5 27.Be5 Rxe5 28.dxe5 Qb6+ 29.Ke1 Nf4
30.Qe4 Nxg2+ 31.Kd2 g6 32.e6 Rd8+ 33.Bd3 Qc5 34.f4  0-1

[Event "13th EICC"]
[Site "Plovdiv BUL"]
[Date "2012.03.27"]
[Round "7.78"]
[White "Cioara,A"]
[Black "Roiz,M"]
[Result "1-0"]
[WhiteElo "2477"]
[BlackElo "2652"]

1.d4 d5 2.c4 c6 3.Nf3 Nf6 4.Qb3 e6 5.Bg5 h6 6.Bh4 dxc4 7.Qxc4 b5 8.Qb3 Nbd7
9.Nc3 a6 10.e4 Qa5 11.Bxf6 Nxf6 12.Bd3 c5 13.dxc5 Bb7 14.O-O Nd7 15.c6 Bxc6
16.Nd4 Rc8 17.Nxe6 fxe6 18.Qxe6+ Kd8 19.Rfd1 Bc5 20.Be2 Qb6 21.Bg4 Rc7 22.Nd5 Bxf2+
23.Kh1 Bxd5 24.Qxd5 Qb7 25.Qf7 Bc5 26.e5 Rf8 27.Qxg7 Be7 28.e6 Qe4 29.exd7 Rc2
30.Bh3 Qf4 31.Re1 Qg5 32.Qxf8+ Bxf8 33.Re8+ Kc7 34.Rc8+  1-0

[Event "European Senior Teams 2012"]
[Site "Rogaska Slatina SLO"]
[Date "2012.03.27"]
[Round "1.1"]
[White "Mishuchkov,N"]
[Black "Ulker,A"]
[Result "1-0"]
[WhiteElo "2431"]
[BlackElo "2068"]

1.d4 Nf6 2.Nf3 d5 3.c4 c6 4.Nbd2 Bf5 5.Nh4 Bd7 6.e3 e6 7.Nhf3 Bd6 8.Bd3 O-O
9.O-O c5 10.e4 dxe4 11.Nxe4 Nxe4 12.Bxe4 Bc6 13.Re1 h6 14.a3 cxd4 15.Qxd4 Be7
16.Bxc6 Qxd4 17.Nxd4 Nxc6 18.Nxc6 bxc6 19.Bf4 Bf6 20.Bd6 Rfd8 21.c5 Bxb2
22.Rab1 Bc3 23.Rec1 Bd4 24.Rb7 e5 25.Kf1 e4 26.Rc4 Bf6 27.Rxe4 a6 28.Rb6 Rdc8
29.Ke2 a5 30.Kd3 Ra7 31.Kc4 g5 32.Re3 Kh7 33.g4 a4 34.f3 Kg6 35.Re4 h5 36.h3 hxg4
37.hxg4 Raa8 38.Kd3 Ra5 39.Reb4 Raa8 40.Kc4 Re8 41.Kd3 Re1 42.Rb1 Re6 43.Rb8 Rxb8
44.Rxb8 Re1 45.Rg8+ Kh7 46.Ra8 Ra1 47.Rxa4 Bb2 48.Ke4 Kg6 49.Ra6 Rxa3 50.Rxc6 Ra4+
51.Kd3 f6 52.Rb6 Bd4 53.Rb8 Bg1 54.c6 Rd4+ 55.Ke2 Rxd6 56.c7 Rc6 57.c8=Q Rxc8
58.Rxc8 Bd4 59.Kd3 Be5 60.Ke4 Bb2 61.Rc6 Ba3 62.Kd5 Kf7 63.Rc7+ Kg6 64.Ke6 Bb2
65.Rc8 Kg7 66.Kf5 Be5 67.Ra8 Bd4 68.Rb8 Be5 69.Rb7+ Kf8 70.Kg6  1-0

[Event "ch-VIE Women KO 2012"]
[Site "Can Tho VIE"]
[Date "2012.03.28"]
[Round "3.1"]
[White "Nguyen Thi Thanh An"]
[Black "Pham Le Thao Nguyen"]
[Result "0-1"]
[WhiteElo "2292"]
[BlackElo "2351"]

1.d4 d5 2.c4 c6 3.Nf3 Nf6 4.Qb3 dxc4 5.Qxc4 Bg4 6.Nc3 e6 7.e4 Nbd7 8.Be3 Be7
9.Qb3 Qb6 10.Nd2 Bh5 11.f3 Bg6 12.Be2 Qxb3 13.Nxb3 a5 14.Kf2 h6 15.Rhd1 a4
16.Nc5 Nxc5 17.dxc5 Nd7 18.b4 f5 19.exf5 Bxf5 20.Rac1 Nf6 21.Bd3 Bxd3 22.Rxd3 Nd5
23.Nxd5 exd5 24.Re1 Kf7 25.Bd4 Rhe8 26.Rde3 Bf6 27.Bxf6 Rxe3 28.Rxe3 gxf6
29.Ke2 h5 30.g3 f5 31.Kd2 Kf6 32.f4 Rh8 33.Ra3 Ra8 34.Kc2 Re8 35.Kd2 Ra8
36.Re3 Rh8 37.Ra3 Ra8 38.Kd1 d4 39.Rd3 Rd8 40.Ra3 Ke6 41.Rxa4 Kd5 42.Ra7 Rb8
43.Kd2 Kc4 44.a3 h4 45.gxh4 Rh8 46.Rxb7 Rxh4 47.Rd7 Rxh2+ 48.Ke1 Ra2 49.b5 Kxb5
50.Rxd4 Rxa3 51.Ke2 Kxc5 52.Rd8 Ra4 53.Ke3 Re4+ 54.Kf3 Rd4 55.Ra8 Rd5 56.Ke3 Kb4
57.Rb8+ Kc4 58.Rb1 Rd3+ 59.Ke2 c5 60.Rc1+ Rc3 61.Rd1 Rh3 62.Rd6 Rh5 63.Rg6 Kd4
64.Rg5 Rxg5 65.fxg5 Ke5 66.Kd3 Ke6 67.Kc4 f4 68.g6 Kf6 69.Kd3 Kxg6  0-1

[Event "13th EICC"]
[Site "Plovdiv BUL"]
[Date "2012.03.28"]
[Round "8.28"]
[White "Banusz,T"]
[Black "Balogh,C"]
[Result "0-1"]
[WhiteElo "2583"]
[BlackElo "2664"]

1.Nf3 d5 2.d4 Nf6 3.c4 c6 4.Qb3 dxc4 5.Qxc4 Bg4 6.Nc3 Nbd7 7.e4 Bxf3 8.gxf3 e5
9.Be3 exd4 10.Bxd4 Bd6 11.O-O-O Qc7 12.Ne2 O-O 13.Qc2 Rfe8 14.Kb1 Rad8 15.h4 Nh5
16.Bh3 Nf8 17.Be3 Ne6 18.Bg4 Nhf4 19.Bxe6 Nxe6 20.Qc1 Qa5 21.f4 Bc5 22.f5 Bxe3
23.Qxe3 Nc5 24.f3 Na4 25.b3 Qc5 26.Qxc5 Nxc5 27.h5 Nd3 28.Rdg1 Ne5 29.f6 g6
30.hxg6 hxg6 31.Rh3 Nd7 32.f4 Nxf6 33.e5 Nd5 34.Rgh1 Kf8 35.a3 Ke7 36.Kc2 Nc7
37.f5 gxf5 38.Ng3 Rg8 39.Nxf5+ Ke6 40.Nd6 Rg2+ 41.Kc1 Rdg8 42.Nxb7 Nb5 43.a4 Nd4
44.Rd1 Rg1 45.Re3 Kd5 46.Na5 Rxd1+ 47.Kxd1 Rg2 48.Nc4 Rf2 49.Kc1 Rf3 50.Rxf3 Nxf3
51.Nd6 Nxe5 52.Nc8 a6 53.Kd2 Kc5 54.Kc3 f5 55.b4+ Kd5 56.b5 a5 57.b6 Kc5
58.b7 Nd7 59.Kd3 Nb8 60.Ne7 f4 61.Ke4 Kb4  0-1

[Event "ch-CHN w 2012"]
[Site "Xinghua CHN"]
[Date "2012.03.28"]
[Round "2"]
[White "Ju Wenjun"]
[Black "Wang Xiaohui"]
[Result "1-0"]
[WhiteElo "2557"]
[BlackElo "2209"]

1.d4 d5 2.c4 c6 3.Nf3 Nf6 4.Qc2 e6 5.Nbd2 Nbd7 6.g3 Bd6 7.Bg2 O-O 8.O-O Qe7
9.Rd1 Re8 10.e4 dxe4 11.Nxe4 Nxe4 12.Qxe4 e5 13.Bg5 Qf8 14.Qc2 exd4 15.Nxd4 Ne5
16.h3 Bc5 17.Be3 Bd7 18.Rd2 f5 19.Rad1 Re7 20.Nxc6 Bxe3 21.Nxe7+ Qxe7 22.fxe3 Be6
23.b3 Rc8 24.Qc3 Bf7 25.Rd6 h6 26.Qd4 Kh7 27.Qxa7 Qg5 28.Qd4 Re8 29.Qf4 Qh5
30.Rf1 Qe2 31.Qf2  1-0

[Event "TCh-CZE Liga 1 Zapad"]
[Site "Czech Rep CZE"]
[Date "2012.04.01"]
[Round "11.2"]
[White "Vedral,O"]
[Black "Vavra,P1"]
[Result "0-1"]
[WhiteElo "2296"]
[BlackElo "2389"]

1.d4 d5 2.c4 c6 3.Nf3 dxc4 4.g3 Nf6 5.Bg2 b5 6.O-O e6 7.a4 Bb7 8.Ne5 Nd5
9.e4 Nb4 10.b3 cxb3 11.Qxb3 Qxd4 12.Bb2 Qb6 13.a5 Qc7 14.Rd1 c5 15.Na3 a6
16.Rac1 N4c6 17.Qd3 c4 18.Naxc4 bxc4 19.Rxc4 Be7 20.Ng4 O-O 21.e5 Rd8 22.Qc2 Rxd1+
23.Qxd1 Nd7 24.Qc1 Rc8 25.Nf6+ Nxf6 26.exf6 Bxf6 27.Bxf6 gxf6 28.Bxc6 Bxc6
29.Rg4+ Kf8 30.Qc5+ Ke8 31.Rg8+ Kd7 32.Rg7 Kd8 33.Qd4+ Qd7 34.Qxf6+ Qe7 35.Qd4+ Kc7
36.Qb6+ Kd7 37.Qd4+ Bd5 38.Qf4 e5 39.Qg4+ Be6 40.Qa4+ Rc6  0-1

[Event "TCh-CZE Liga 1 Zapad"]
[Site "Czech Rep CZE"]
[Date "2012.04.01"]
[Round "11.5"]
[White "Simek,P2"]
[Black "Straka,V"]
[Result "0-1"]
[WhiteElo "2277"]
[BlackElo "2246"]

1.d4 d5 2.Nf3 Nf6 3.c4 c6 4.Qc2 g6 5.Bf4 Bg7 6.e3 O-O 7.Nc3 Bf5 8.Qb3 Qb6
9.h3 Nbd7 10.c5 Qxb3 11.axb3 Ne4 12.b4 a6 13.Na4 f6 14.Bh2 e5 15.Be2 Ng5
16.Nh4 Bc2 17.dxe5 fxe5 18.O-O Rae8 19.Rfc1 Bxa4 20.Rxa4 e4 21.Rc2 Be5 22.Bf1 Bxh2+
23.Kxh2 Ne5 24.Ra3 Rf6 25.g4 Ngf3+ 26.Nxf3 Nxf3+ 27.Kg3 Ref8 28.Bg2 Ne1 29.Rd2 g5
30.Rb3 Kg7 31.Ra3 Nd3 32.Raxd3 exd3 33.Bf1 d4 34.e4 Rf4 35.Bxd3 Kf6 36.f3 Ke5
37.Be2 h5 38.gxh5 Rh8 39.Rd3 Rxh5 40.Ra3 Rh6 41.Bf1 Rf8 42.Kg4 Rh4+ 43.Kg3 Rxe4
44.Bxa6 Re3 45.Rxe3+ dxe3 46.Bxb7 Kd5 47.b5 Kxc5 48.Bxc6 Kd4 49.b6 Kd3 50.Kg4 Kc4
51.Bb7 Kb5 52.Be4 Kxb6 53.Bd3 Rd8 54.Bf1 Rd1 55.Be2 Rd2 56.Bf1 Rf2 57.Bd3 Rg2+
58.Kf5 Kc5 59.b4+ Kxb4 60.f4 gxf4 61.Kxf4 e2 62.Bxe2 Rxe2 63.h4 Rh2 64.Kg5 Kc5
65.h5 Kd6 66.Kg6 Ke7 67.h6 Kf8  0-1

[Event "35th San Sebastian Open"]
[Site "Donostia ESP"]
[Date "2012.04.03"]
[Round "5"]
[White "Bakre,T"]
[Black "Martin Alvarez,I"]
[Result "1-0"]
[WhiteElo "2513"]
[BlackElo "2265"]

1.Nf3 Nf6 2.c4 c6 3.d4 d5 4.Nbd2 Bf5 5.Nh4 Be4 6.Qb3 Qb6 7.Nxe4 Nxe4 8.Qxb6 axb6
9.e3 Na6 10.Be2 Nb4 11.O-O Rxa2 12.Rxa2 Nxa2 13.cxd5 Nxc1 14.Rxc1 cxd5 15.Nf5 g6
16.f3 gxf5 17.fxe4 Kd8 18.exf5 Bh6 19.Kf2 Kd7 20.Bh5 Rf8 21.h4 Kd6 22.g4 f6
23.Kf3 Ra8 24.Bf7 Ra2 25.Rb1 Ra5 26.Bg8 Kc6 27.Bxh7 Kb5 28.Bg8 Kc4 29.Rg1 Kb3
30.g5 fxg5 31.hxg5 Bg7 32.Rg2 Rb5 33.Rh2 Ra5 34.Be6  1-0